Suomen 50 pienintä kuntaa asukasluvun mukaan - Statistics

Yleistilastot
  • Tätä visaa on pelattu 50 kertaa
  • Keskiarvotulos 29 / 50
Vastaustilastot
Asukasluku Vastaus % Oikein
513 Föglö
85%
372 Lumparland
85%
99 Sottunga
85%
1016 Sund
85%
963 Eckerö
82%
430 Brändö
79%
511 Geta
79%
271 Kumlinge
79%
1801 Saltvik
76%
465 Vårdö
76%
1645 Hammarland
73%
211 Kökar
73%
1388 Tervo
73%
1767 Enontekiö
70%
1252 Kaskinen
70%
692 Luhanka
70%
1033 Merijärvi
70%
977 Savukoski
70%
1112 Utsjoki
67%
931 Pelkosenniemi
64%
911 Hailuoto
61%
1129 Kyyjärvi
61%
1159 Ristijärvi
61%
1788 Vesanto
61%
999 Kivijärvi
58%
970 Kustavi
58%
656 Lestijärvi
58%
1387 Multia
58%
1662 Juupajoki
52%
1229 Siikainen
52%
1701 Taivassalo
52%
1401 Rautavaara
48%
1475 Kinnula
45%
1890 Marttila
45%
1720 Pukkila
45%
1891 Pyhäranta
45%
1772 Soini
45%
1270 Enonkoski
42%
1139 Kannonkoski
42%
1135 Karijoki
42%
1679 Pyhäntä
42%
977 Halsua
39%
1664 Jämijärvi
39%
1671 Kihniö
39%
1664 Miehikkälä
39%
1768 Isojoki
36%
1693 Myrskylä
36%
1267 Oripää
36%
1830 Rääkkyllä
36%
1897 Pomarkku
24%
Ehtoja vastaavia visoja ei löytynyt
Tulosjakauma
Jokaisen tuloksen saaneiden osuus
Persentiili vastausten määrän mukaan
Tuloshistoriasi
Et ole pelannut tätä visaa